| 000 | 004440000a22001810004500 | ||
|---|---|---|---|
| 003 | LK-CoMWRAF | ||
| 008 | 230817t1990 ||||| |||| 00| 0 eng d | ||
| 040 |
_aLK-CoMWRAF _dLK-CoMWRAF _eLK-CoMWRAF |
||
| 041 | _aeng | ||
| 082 |
_a340 _bSAC |
||
| 100 | _aSatchidanandam,Shanti | ||
| 245 |
_aPenkalin suvadukalilirundu sila adikal _b |
||
| 260 |
_aColombo _bWERC _c1990 |
||
| 300 | _ap.34 | ||
| 650 | _aGender Issues | ||
| 650 | _aTamil | ||
| 942 | _cBK | ||
| 999 |
_c38 _d38 |
||